000 00296nam a22001337a 4500
008 170328b xxu||||| |||| 00| 0 eng d
020 _a9780683302479
041 _aeng
080 _23RD
_a615.83
100 _a8
101 _aSHM
245 _aMUSCULOSKELETAL SYSTEM
_cNORDIN, M
942 _2udc
_cBK
999 _c8792
_d8792